Drawing, painting & sculpture from models : (Record no. 26017)

000 -LEADER
fixed length control field 00989cam a22003011 4500
001 - CONTROL NUMBER
control field 10241523
005 - DATE AND TIME OF LATEST TRANSACTION
control field 20170201162601.0
008 - FIXED-LENGTH DATA ELEMENTS--GENERAL INFORMATION
fixed length control field 750410s1951 xx 000 0 eng
010 ## - LIBRARY OF CONGRESS CONTROL NUMBER
LC control number 51002072
035 ## - SYSTEM CONTROL NUMBER
System control number (OCoLC)1265791
040 ## - CATALOGING SOURCE
Original cataloging agency DLC
Transcribing agency FO
Modifying agency DLC
050 00 - LIBRARY OF CONGRESS CALL NUMBER
Classification number NC730
Item number .G5
100 1# - MAIN ENTRY--PERSONAL NAME
Personal name Gillen, Michael,
Dates associated with a name 1911-
245 00 - TITLE STATEMENT
Title Drawing, painting & sculpture from models :
Statement of responsibility, etc. by Michael Gillen, Herbert Kallem [and] Henry Kallem.
260 ## - PUBLICATION, DISTRIBUTION, ETC. (IMPRINT)
Place of publication, distribution, etc. New York :
Name of publisher, distributor, etc. Stravon,
Date of publication, distribution, etc. 1951.
300 ## - PHYSICAL DESCRIPTION
Extent 95 p. :
Other physical details illus. ;
Dimensions 29 cm.
650 #0 - SUBJECT ADDED ENTRY--TOPICAL TERM
Topical term or geographic name as entry element Drawing
General subdivision Study and teaching.
650 #0 - SUBJECT ADDED ENTRY--TOPICAL TERM
Topical term or geographic name as entry element Painting
General subdivision Technique.
650 #0 - SUBJECT ADDED ENTRY--TOPICAL TERM
Topical term or geographic name as entry element Sculpture
General subdivision Technique.
700 1# - ADDED ENTRY--PERSONAL NAME
Personal name Kallem, Herbert,
Dates associated with a name 1909-1994
700 1# - ADDED ENTRY--PERSONAL NAME
Personal name Kallem, Henry.
906 ## - LOCAL DATA ELEMENT F, LDF (RLIN)
a 7
b cbc
c oclcrpl
d u
e ncip
f 19
g y-gencatlg
942 ## - ADDED ENTRY ELEMENTS (KOHA)
Source of classification or shelving scheme
Koha item type Hard Covered Materials
Classification part NC 730 .G5 1951
Holdings
Withdrawn status Lost status Source of classification or shelving scheme Damaged status Not for loan Home library Current library Shelving location Date acquired Source of acquisition Total Checkouts Full call number Barcode Date last seen Price effective from Koha item type
          MACHAKOS UNIVERSITY LIBRARY MACHAKOS UNIVERSITY LIBRARY Open shelf 01/02/2017 Donation (B.F.A)   NC 730 .G5 1951 33425 01/02/2017 01/02/2017 Hard Covered Materials
© Machakos University Library, Along The Highway, Machakos Wote Rd, Machakos, Kenya P.O. Box 136 - 90100 Machakos - Kenya

Tel: ( +254 ) 723 805829 OR Fax : 044-20353 OR Email: library@mksu.ac.ke